Random Animals #2 - Statistics

General Stats
  • This quiz has been taken 25 times
  • The average score is 15 of 16
Answer Stats
Picture Answer % Correct
Camel
95%
Cat
95%
Dog
95%
Donkey
95%
Fox
95%
Parrot
95%
Penguin
95%
Whale
95%
Lobster
90%
Pigeon
90%
Scorpion
90%
Squirrel
90%
Toucan
90%
Bison
86%
Hedgehog
86%
Jaguar
81%
No matching quizzes found
Score Distribution
Percent of People with Each Score
Percentile by Number Answered
Your Score History
You have not taken this quiz